Top 10 NBA SG's OAT - Statistics

General Stats
  • This quiz has been taken 24 times
  • The average score is 8 of 10
Answer Stats
Hint Answer % Correct
#1 - Bulls Michael Jordan
100%
#3 - Heat Dwyane Wade
96%
#2 - Lakers Kobe Bryant
96%
#6 - Pacers Reggie Miller
91%
#4 - Trailblazers Clyde Drexler
83%
#5 - 76ers Allen Iverson
78%
#10 - Rockets James Harden
78%
#7 - Spurs George Gervin
61%
#9 - Pistons Joe Dumars
61%
#8 - Bucks Ray Allen
61%
No matching quizzes found
Score Distribution
Percent of People with Each Score
Percentile by Number Answered
Your Score History
You have not taken this quiz